• 首页
  • 本馆介绍
  • 公告通知
  • 最新文献
  • 馆藏检索
  • 电子资源
  • 读者导购
  • 参考咨询
  • 我的图书馆
  • 登录
  • 详细信息显示
  • 放入我的书架
  • 预约/预借图书
  • 作者相关作品
  • 分类相关作品
  • 丛书相关作品
  • 出版社相关作品

书目信息

  • 表格格式
  • 工作单格式
  • 卡片格式
题名:
秘书文档管理
    
 
作者: 陆予圻 , 朱小怡 , 范明辉 编著
分册:  
出版信息: 上海   复旦大学出版社  2005
页数: 273页
开本: 24cm
丛书名: 新编秘书学教材系列
单 册:
中图分类: G275.2
科图分类:
主题词: 文书档案--档案管理--教材 , 文书档案 , 档案管理
电子资源:
ISBN: 7-309-04615-3
000 01015nam0 2200289 450
001 003005686
005 20061113084115.59
010    @a7-309-04615-3@dCNY25.00
100    @a20050720d2005 em y0chiy0110 ea
101 0  @achi
102    @aCN@b310000
105    @ay z 000yy
200 1  @a秘书文档管理@9mi shu wen dang guan li@f陆予圻,朱小怡,范明辉编著
210    @a上海@c复旦大学出版社@d2005
215    @a273页@d24cm
225    @a新编秘书学教材系列
330    @a本书以“文书工作”和“档案管理”两大部份,撰述了秘书工作中常见的相关内容。从文书的概念、撰制、处理、归档,到档案的源流、收集整理、鉴定保管、检索利用,乃至声像、电子等现代化档案的专门管理利用等。
410  0 @12001 @a新编秘书学教材系列
606 0  @a文书档案@x档案管理@j教材
606 0  @a文书档案
606 0  @a档案管理
690    @aG275.2@v4
701  0 @a陆予圻@9lu yu qi@c(女,@f1948.2~)@4编著
701  0 @a朱小怡@9zhu xiao yi@4编著
701  0 @a范明辉@9fan ming hui@4编著
801  0 @aCN@bNLC@c20061113
905    @a10447@dG275.2@e49
    
    秘书文档管理/陆予圻,朱小怡,范明辉编著.-上海:复旦大学出版社,2005
    273页;24cm.-(新编秘书学教材系列)
    
    
    ISBN 7-309-04615-3:CNY25.00
    本书以“文书工作”和“档案管理”两大部份,撰述了秘书工作中常见的相关内容。从文书的概念、撰制、处理、归档,到档案的源流、收集整理、鉴定保管、检索利用,乃至声像、电子等现代化档案的专门管理利用等。
●
相关链接 在E读中查询图书 在五车中查询图书 在当当中查询图书 在豆瓣中查询图书


正题名:秘书文档管理     索取号:G275.2/49         预约/预借

序号 登录号 条形码 馆藏地/架位号 状态 备注
1 0384211   203842119   第一样本阅览室/ [索取号:G275.2/49] 在馆    
2 0384212   203842128   第四借阅区/ [索取号:G275.2/49] 在馆    
3 0384213   203842137   第四借阅区/ [索取号:G275.2/49] 在馆    
4 0384214   203842146   第四借阅区/ [索取号:G275.2/49] 在馆    
5 0384215   203842155   第四借阅区/ [索取号:G275.2/49] 在馆    
唐山师范学院图书馆 欢迎您!
大连网信软件有限公司© 版权所有